Cidades mais populosas da EUROPA - Statistics

Estatísticas Gerais
  • Esse quiz foi jogado 693 vezes
  • A pontuação média é 20 de 27
Estatísticas das Respostas
População País Cidade % Correto
08.173.194 Reio Unido Londres
99%
03.233.527 Espanha Madrid
96%
02.243.833 França Paris
96%
02.243.833 França Paris
96%
02.796.02 Itália Roma
96%
02.847.200 Ucrânia Kiev
93%
01.620.943 Espanha Barcelona
91%
13.854.740 Turquia Istambul
88%
01.731.236 Áustria Viena
88%
01.711.324 Polónia Varsóvia
85%
11.977.988 Rússia Moscovo
84%
03.531.201 Alemanha Berlim
83%
02.192.372 Roménia Bucareste
82%
01.740.041 Hungria Budapeste
82%
01.350.267 Itália Milão
82%
01.262.591 República Checa Praga
81%
01.372.565 Suécia Estocolmo
78%
01.378.176 Alemanha Munique
77%
01.291.591 Bulgária Sófia
74%
01,902.500 Bielorrússia Minsk
72%
01.659.440 Sérvia Belgrado
70%
02.122.300 Azerbaijão Baku
51%
01.812.709 Alemanha Hamburgo
49%
05.028.313 Rússia São Peterburgo
49%
01.470.902 Ucrânia Kharkiv
11%
01.424.702 Rússia Ecaterimburgo
10%
01.254.592 Rússia Nizhny Novgorod
6%
Nenhum quiz correspondente encontrado
Distribuição das Pontuações
Porcentagem de Pessoas com Cada Pontuação
Percentil de Números Respondidos
Sua Pontuação Histórica
Você não jogou esse quiz